[Event "Quebec-ch Intercoll"]
[Site "Rimouski"]
[Date "1996.04.07"]
[Round "6"]
[White "Kendall, Bertrand"]
[Black "Guerrera, Bruno"]
[Result "0-1"]
[WhiteElo "1304"]
[BlackElo "1502"]
[PlyCount "104"]
[EventDate "1996.04.05"]
[EventType "swiss"]
[EventRounds "6"]
[EventCountry "CAN"]
[SourceTitle "EXT 2022"]
[Source "ChessBase"]
[SourceDate "2021.10.06"]
[SourceVersion "1"]
[SourceVersionDate "2021.10.06"]
[SourceQuality "1"]

1. e4 c5 2. Nf3 e6 3. d4 cxd4 4. Nxd4 Nf6 5. Bg5 Be7 6. Bxf6 Bxf6 7. c3 Nc6 8. Be2 d6 9. 0-0 a6 10. Nd2 Bd7 11. N2b3 Rc8 12. f4 Qb6 13. Kh1 0-0 14. f5 e5 15. Nf3 Rfd8 16. h3 Na5 17. Rb1 Ba4 18. Nh2 Nxb3 19. axb3 Bxb3 20. Qe1 d5 21. Bf3 Bc4 22. Rg1 Ba2 23. Rd1 dxe4 24. Rxd8+ Rxd8 25. Bxe4 Bd5 26. Bxd5 Rxd5 27. b4 Rd8 28. Ng4 Re8 29. Qg3 e4 30. Re1 Qc6 31. c4 b5 32. cxb5 axb5 33. Re2 Kf8 34. Re1 h5 35. Nxf6 Qxf6 36. Qf2 g6 37. Qc5+ Kg7 38. Qxb5 Re5 39. Qc4 gxf5 40. b5 Qb6 41. Rb1 e3 42. Qb3 f6 43. Qd3 f4 44. Qd7+ Kh6 45. Qc6 Qxc6 46. bxc6 Rc5 47. Kg1 Rxc6 48. Kf1 Rc2 49. Re1 Rf2+ 50. Kg1 Rd2 51. Kf1 Kg5 52. Ra1 Kh4 0-1